000 01328 a2200313 4500
999 _c10415
_d10415
020 _a9780521819398 (pbk.)
020 _a0521819393 (pbk.)
050 0 0 _aRC78.2
100 _a Butler, Paul
_d 1952 June 4-
_eauthor
245 0 0 _aApplied radiological anatomy for medical students /
_c Paul Butler, edited by Adam Mitchell, Harold Ellis.
264 _aCambridge :
_bCambridge University Press,
_c2007
300 _a164 p. :
_billustrations. (some colored.) ;
500 _aIncludes bibliographical references and index.
504 _aIncludes bibliographical references and index.
650 0 _aHuman anatomy
650 0 _aMedical radiology.
650 0 _aDiagnostic imaging.
650 2 _aDiagnostic Imaging
650 2 _aEducation, Medical
650 2 _aAnatomy
700 1 _aButler, Paul,
_d1952 June 4-
700 1 _aMitchell, Adam W. M.
700 1 _aEllis, Harold,
_d1926-
856 4 2 _3Contributor biographical information
_uhttp://www.loc.gov/catdir/enhancements/fy0810/2008295904-b.html
856 4 2 _3Publisher description
_uhttp://www.loc.gov/catdir/enhancements/fy0810/2008295904-d.html
856 4 1 _3Table of contents only
_uhttp://www.loc.gov/catdir/enhancements/fy0810/2008295904-t.html
942 _2lcc
_cBK
_h78.2
_iANA
_kRC